Clair Obscur Expédition 33 - Statistiques

Statistiques générales
  • Ce quiz a été pris 574 fois
  • Le résultat moyen est 11 sur 15
Statistiques - réponses
Hint Réponse % Correct
Ses parents, tout comme elle, étaient des scientifiques Lune
97%
Je me suis sacrifié pour sauver ma petite soeur Verso
97%
Elle a vengée son mentor Maelle
96%
J'aime les cailloux !!!!!!!!!! Esquie
95%
Je suis le mentor d'un des protagonistes, dommage que son "père" m'est éliminé Gustave
95%
Elle a malheureusement perdu son enfant Sciel
95%
Nom du patriarche de la famille Dessendre Renoir
93%
Je suis le boss le plus difficile du jeu, je ne suis ni un Névron, ni un Axon, ni un membre de la famille Dessendre, seulement ce que vous serez devenu si vous aurez échoué... Simon
92%
Nom de la matriarche de la famille Dessendre Aline
86%
Grande soeur vengeresse qui lutte contre ses ennemis dans la "réalité" Cléa
86%
C'est le "meilleur ami" d'une créature légendaire François
72%
Je suis la peur, je suis la colère, je suis la tristesse, je suis la jalousie, je suis le mensonge... Visage
52%
Nom du duo qu'on peut affronter lors du 11ème étage, niveau 3 de la tour éternelle Amour dépeint
27%
Boss qui a mangé a plusieurs reprises l'immortel de la troupe Serpenphare
25%
L'une des premières créature de la première fille de la Peintresse Sprong
19%
Aucun quiz correspondant
Distribution des résultats
% des personnes avec chaque résultat
Percentile par nombre de réponses
Votre historique - résultats
Vous n’avez pas pris ce quiz